00928nam a22002657a 45000010005000000030006000050050017000110080041000280200018000690400029000870500015001160820011001311000029001422450091001712500027002622600035002893000039003245050007003635200177003705210018005475210018005656500020005836510023006037000036006265920FISKH20250207122614.0250207b cb ||||| |||| 00| 0 eng d a9780439800105 aFISKHbengcFISKHdFISKH aPZ7.R982 L a 813.6 aRylant, Cynthiad(1954-) aLighthouse family :bThe Storm /cBy Cynthia Rylant ; Illustrated by Preston McDaniels aFirst printing in 2005 aNew York :bScholastic,c2002. a80 pages :billustrations ;c20 cm aR  aPandora the cat becomes a lighthouse keeper and saves the life of Seabold the dog, and together the two of them create a family with three young mice rescued from the sea. 8 a760 bLexile 8 aR bRaz-Plus  2AnimalsaFamily 2LighthousesaStorm aMcDaniels, Prestondillustrator